Quizzes
Events
Quiz Creation
Community
Videos
Private Events
Remove Ads
Sign In
Join for FREE
Feedback
Dark Mode
Quiz Categories
Sports
Geography
Music
Movies
Television
Just For Fun
Miscellaneous
History
Literature
Language
Science
Gaming
Entertainment
Religion
Holiday
For Kids
Quiz Lab
Recent
Popular Today
Quiz Kudos Today
Editor Picks
Curator Picks
Quizzes by...
Day
Popularity
Type
Ratings
Length
Year
Community
Subscriptions
Recent Discussions
Orange Saloon
Badges
Playlists
Quests
Create
Leaderboards
Showdown
Live 5
Trivia Bingo
Activity
Puzzle Library
Sporcle Events
Private Events
Virtual Trivia
Globe League
Become a Host
Pub Owners
SporcleCon
Opinionation
Our Games
Videos
Blog
Mobile Apps
Partnerships
Remove Ads and Go Orange
Feedback
Sports
Athletes
MLB
NBA
NHL
NFL
Soccer
Sports Teams
WWE
NCAA
Football
Premier League
Basketball
Baseball
Hockey
Golf
Tennis
Cricket
Rugby
Auto Racing
Olympics
World Cup
Sports
Athletes
MLB
NBA
NHL
NFL
Soccer
Sports Teams
WWE
NCAA
Football
Premier League
Basketball
Baseball
Hockey
Golf
Tennis
Cricket
Rugby
Auto Racing
Olympics
World Cup
Random Quiz
Search Sporcle
×
Quiz Lab
Quiz Lab
Sports
pole
Type in answers that appear in a list
Type in answers that appear in a list
Classic
Best Score? Go Orange.
1990 Daytona 500 Startes Stats
Can you name the 1990 Daytona 500 starters?
By
braleecald89
10m
42 Questions
192 Plays
192 Plays
192 Plays
Comments
Comments
Give Quiz Kudos
Give Quiz Kudos
-
- Ratings
hide this ad
Replay
Link that replays current quiz
Next Quiz
Link to next quiz in quiz playlist
You Got
0%
They Got
Avg Score
74%
Avg Friend Score
Upgrade to see
Score Distribution
Jump to the score distribution portion of the page
Score
0/42
Timer
10:00
0
Plays Today
Starting Position
Driver
% Correct
4th
Bill Elliott
96.9%
22nd
Kyle Petty
96.9%
2nd
Dale Earnhardt
95.3%
24th
Michael Waltrip
95.3%
7th
Mark Martin
94.8%
11th
Richard Petty
94.8%
Pole Sitter
Ken Schrader
93.8%
9th
Darrell Waltrip
93.8%
16th
Davey Allison
93.8%
33rd
Brett Bodine
92.7%
12th
Derrike Cope
92.2%
38th
Rusty Wallace
92.2%
19th
Ricky Rudd
91.1%
25th
Alan Kulwicki
91.1%
21st
Sterling Marlin
90.6%
5th
Harry Gant
89.1%
3rd
Geoffrey Bodine
88.5%
18th
Ernie Irvan
87.5%
30th
Morgan Shepherd
85.9%
20th
'Texas' Terry Labonte
85.4%
42nd
Dave Marcis
83.3%
Starting Position
Driver
% Correct
13th
A.J. Foyt
82.8%
6th
Jimmy Spencer
78.1%
14th
Lake Speed
77.6%
32nd
Dick Trickle
76.6%
10th
Bobby Hillin, Jr.
74%
8th
Phil Parsons
72.4%
37th
Jimmy Means
71.4%
31st
Neil Bonnett
70.8%
28th
Rick Wilson
70.3%
34th
Hut Stricklin
70.3%
36th
Robby Moroso
65.6%
27th
Joe Ruttman
51.6%
35th
Phil Barkdoll
51.6%
15th
Mike Alexander
51%
26th
Larry Pearson
46.4%
40th
Jimmy Horton
35.9%
17th
Butch Miller
30.7%
23rd
Jack Pennington
30.2%
29th
Rich Bickle
29.2%
41st
Eddie Bierschwale
23.4%
39th
Jerry O'Neill
13.5%
Quiz Playlist
Details
Report
Send in Message
Add To Playlist
Classic:
Type in answers that appear in a list
Quiz Source
Last Updated: Feb 16, 2017
Quiz Scoreboard
CHALLENGE
Sign Up to Join the Scoreboard
Show All
Scores
Hide
Comments
May contain spoilers
Recently Published
Movies - When Are They Set?
by FPL_Elf
Movies
5m
Popular People in 1961
by mucciniale
History
6m
1-10 Letter E Words III
by El_Dandy
Language
2m
More to Explore
Quiz From the Vault
Featured Blog Post
Where Did the Easter Bunny Come From?
hide this ad
You Might Also Like...
Tags
500
Daytona
Daytona 500
Driver
pole
Sitter
Today's Top Quizzes in Sports
Browse Sports
hide this ad
Today's Top Quizzes in pole
Browse pole
Top Contributed Quizzes in Sports
1
Les meilleurs buteurs des matchs entre le PSG et l’OM
2
FIFA Club World Cup Champions
3
Les entraîneurs de l'OM et du PSG au 21e siècle
4
2022 World Cup Stars
5
Name the Premier League winners with different clubs
6
La finale Lions - Afrique du Sud 2021
7
Criteria MLB: Left Handed Sluggers
8
Les joueurs passés par le LOSC et le RC Lens
9
Players with Multiple 50 Home Run Seasons
10
MLB Players with Two .350 Batting Average Seasons
Explore More
Trending Topics
Harry Potter
NBA
Disney
Anime
Crossword
Marvel
Kpop
Country
Pokémon
WWE
The Office
Puzzle
Soccer
Song
NFL
hide this ad
More By:
braleecald89
Quiz
Plays
Rating
Category
Featured
Created
NASCAR Bristol Winners
1,566
4.00
Sports
Apr 12, 2010
NASCAR Most Popular Driver awards
937
3.75
Sports
Jan 18, 2010
NASCAR Southern 500 winners
617
5.00
Sports
Apr 16, 2010
1993 Daytona 500 Starting lineup
409
5.00
Sports
Apr 20, 2010
NASCAR Nationwide Series Daytona winners
374
3.33
Sports
May 3, 2010
Go to Creator's Profile
Score Distribution
Quiz Creator Spotlight
braleecald89
Follow
Send a Message
Quizzes Created
-
Created Quiz Play Count
-
More By This Creator
Popular Quizzes Today
1
Find the Countries of Europe - No Outlines Minefield
2
Find the US States - No Outlines Minefield
3
The Countries of the World
4
Popular People in 1961
5
1-10 Letter E Words III
6
US States
7
Find the US States
8
One Thing in Common: World Cities II
More Sports Quizzes
1998 NBA Champions - Chicago Bulls
Quiz Lab
Trending Quizzes
Risky Map Clicking: Least Populous States A-Z
Humor Books: The Subtitles
1-10 Letter F Words
1-10 Letter G Words
One Thing in Common: United Kingdom
Recently Updated
Leaping Animals
pecheneg
Reality TV Shows (A-Z)
bhenderson79
Rickey Henderson's Hall of Fame Teammates
pecheneg
Champions League XIs: Arsenal
pecheneg
Quick Pick: Celebrities in WWE's Hall of Fame
aduchscher
A-Z Keypad Blitz II
pecheneg
Multiple Oscar Actors
pecheneg
Mystery Phrase Blitz: Oscar 'Best Actors'
pecheneg
F. Scott Fitzgerald Novels
LTH
Pick 3 Villains
ddd62291
Trending Topics
Anime
Disney
Harry Potter
Kpop
NBA
Crossword
Marvel
Song
NFL
WWE
Country
The Office
Soccer
Pokémon
Puzzle
Your Account Isn't Verified!
In order to create a playlist on Sporcle, you need to verify the email address you used during registration. Go to your
Sporcle Settings
to finish the process.
Report this User
Report this user for behavior that violates our
Community Guidelines
.
Details:
Send Report
Go to the Sporcle.com Mobile Site →
Comments